<?xml version="1.0" encoding="UTF-8"?>
<record
    xmlns:xsi="http://www.w3.org/2001/XMLSchema-instance"
    xsi:schemaLocation="http://www.loc.gov/MARC21/slim http://www.loc.gov/standards/marcxml/schema/MARC21slim.xsd"
    xmlns="http://www.loc.gov/MARC21/slim">

  <leader>00385nam a2200157   4500</leader>
  <controlfield tag="008">190521s1996||||xo                      d</controlfield>
  <datafield tag="245" ind1="1" ind2="0">
    <subfield code="a">Najv&#xE4;c&#x161;ia obava mu&#x17E;a</subfield>
    <subfield code="b">Konecn&#xE1; etapa v&#xFD;voja ludstva</subfield>
  </datafield>
  <datafield tag="260" ind1=" " ind2=" ">
    <subfield code="a">BA</subfield>
    <subfield code="c">1996</subfield>
    <subfield code="b">Sofa</subfield>
  </datafield>
  <datafield tag="300" ind1=" " ind2=" ">
    <subfield code="a">217s.</subfield>
  </datafield>
  <datafield tag="250" ind1=" " ind2=" ">
    <subfield code="a">1.vydanie</subfield>
  </datafield>
  <datafield tag="100" ind1="1" ind2=" ">
    <subfield code="a">Marshall Tim</subfield>
    <subfield code="9">1108</subfield>
  </datafield>
  <datafield tag="020" ind1=" " ind2=" ">
    <subfield code="a">8085752298</subfield>
    <subfield code="c">0</subfield>
  </datafield>
  <datafield tag="041" ind1="1" ind2=" ">
    <subfield code="a">slo</subfield>
  </datafield>
  <datafield tag="044" ind1=" " ind2=" ">
    <subfield code="a">xo</subfield>
    <subfield code="c">SK</subfield>
  </datafield>
  <datafield tag="958" ind1=" " ind2=" ">
    <subfield code="a">A</subfield>
  </datafield>
  <datafield tag="999" ind1=" " ind2=" ">
    <subfield code="c">22402</subfield>
    <subfield code="d">22402</subfield>
  </datafield>
  <datafield tag="952" ind1=" " ind2=" ">
    <subfield code="0">0</subfield>
    <subfield code="1">0</subfield>
    <subfield code="2">udc</subfield>
    <subfield code="4">0</subfield>
    <subfield code="7">0</subfield>
    <subfield code="8">D</subfield>
    <subfield code="a">10000</subfield>
    <subfield code="b">10000</subfield>
    <subfield code="d">2019-05-10</subfield>
    <subfield code="i">20733</subfield>
    <subfield code="l">1</subfield>
    <subfield code="m">2</subfield>
    <subfield code="o">V340</subfield>
    <subfield code="p">V340</subfield>
    <subfield code="q">2023-08-20</subfield>
    <subfield code="r">2023-02-27</subfield>
    <subfield code="s">2023-02-27</subfield>
    <subfield code="w">2019-12-12</subfield>
    <subfield code="y">OLDO</subfield>
  </datafield>
</record>
